|
|
|
|
| LEADER |
01146nam a2200325 a 4500 |
| 001 |
000748739 |
| 003 |
CZ BrMZK |
| 005 |
20090107135523.0 |
| 007 |
ta |
| 008 |
041109s2004 xr a erf 000 0 czeoc |
| 020 |
|
|
|a 80-7360-098-6
|q (brož.)
|
| 040 |
|
|
|a ULG001
|b cze
|d ABA001
|d BOA001
|
| 045 |
|
|
|a y0y0
|
| 072 |
|
7 |
|a 133
|x Ezoterismus. Okultismus
|2 Konspekt
|9 17
|
| 080 |
|
|
|a 133.52
|2 MRF
|
| 080 |
|
|
|a 133.526
|2 MRF
|
| 080 |
|
|
|a (035)
|2 MRF
|
| 100 |
1 |
|
|a Krumlovská, Olga,
|d 1963-
|7 jn99240000544
|4 aut
|
| 245 |
1 |
0 |
|a Horoskopy pro každého na rok 2005 /
|c [sestavila Olga Krumlovská]
|
| 250 |
|
|
|a České vyd. 1.
|
| 260 |
|
|
|a Praha :
|b Ottovo nakladatelství,
|c 2004
|
| 300 |
|
|
|a 312 s. :
|b il. ;
|c 21 cm
|
| 648 |
|
4 |
|a 2005
|
| 650 |
0 |
7 |
|a astrologie
|7 ph114086
|2 czenas
|
| 650 |
0 |
7 |
|a horoskopy
|7 ph114697
|y 2005
|2 czenas
|
| 655 |
|
7 |
|a příručky
|7 fd133209
|2 czenas
|
| 856 |
4 |
1 |
|u http://www.digitalniknihovna.cz/mzk/uuid/uuid:5a117910-10bf-11e4-8f64-005056827e52
|y Digitalizovaný dokument
|x NDK
|
| 910 |
|
|
|a BOA001
|b Z-1141.976
|
| 990 |
|
|
|a BK
|
| 996 |
6 |
|
|b 2610232725
|c Z-1141.976
|l MZK
|r Sklad / do 24 hodin
|n 1
|p p.v.
|w 000748739
|u 000010
|a 1
|e BOA001
|j MZK50
|s P
|